|
|
|
|
| LEADER |
00860cam a2200229 7i4500 |
| 001 |
0000010143 |
| 005 |
20221021090000.0 |
| 020 |
|
|
|a 0126213615 (hbk.)
|
| 020 |
|
|
|a 9780126213614
|
| 090 |
0 |
0 |
|a QR9
|b .D47 2004
|
| 245 |
0 |
4 |
|a The desk encyclopedia of microbiology
|c editor, Moselio Schaechter ; consulting editor, Joshua Lederberg.
|
| 260 |
|
|
|a Amsterdam:
|b Elsevier/Academic Press,
|c 2004.
|
| 300 |
|
|
|a 1149 p.:
|b ill.;
|c 29 cm.
|
| 504 |
|
|
|a Includes bibliographical references and index
|
| 650 |
0 |
0 |
|a Microbiology
|
| 700 |
1 |
|
|a Schaechter, Moselio
|
| 700 |
1 |
|
|a Lederberg, Joshua
|
| 997 |
|
|
|a Engineering & Life Sciences, Faculty
|b Science & Biotechnology, Department
|
| 998 |
|
|
|a Bioinformatics, Degree
|
| 998 |
|
|
|a Biotechnology, Degree
|
| 998 |
|
|
|a Biotechnology & Life Sciences, Diploma
|
| 999 |
|
|
|a 0000016212
|b BOK
|c REFERENCE
|e Ground Floor, Bestari Jaya
|